000 00782cab a2200229 4500
001 ABS58644
008 090401t1998 xxu||||| |||| 00| 0 eng d
035 _a(Sirsi) u85439
041 _aeng
100 _aBailey, J.
245 _aCompensation where no land is taken
260 _c1998
350 _a0
490 _aValuer (ISVA)
_vMarch/April 1998, 20-21(2)
520 _aCompensation claims where no land is taken in respect of recently completed roads will continue to provide fees for professional advisors. Notes relevant case law.
650 _aCOMPENSATION CLAIMS
650 _aLAND COMPENSATION ACT 1973
650 _aPROPERTY-INFRASTRUCTURE-TRANSPORT INFRASTRUCTURE-ROAD INFRASTRUCTURE
690 _aRATING AND VALUATION
942 _n0
948 _c06/04/1998
999 _c53728
_d53728